000 01402naa a22003617a 4500
001 BR8105928
003 BR-BrBNA
005 20250716171946.0
007 ta
008 250630b bl.|||m| |||| 00| 0 por d
040 _aBR-BrBNA
_bpor
_cBiblioteca Nacional de Agricultura
041 _a(Pt)
072 _aF23; F22
_b/G514
090 _aF23 BR8105928
100 1 _aSouza, C.G.
100 1 _aViana, C.D.B.
100 1 _aWake, M.
100 1 _aCosta, V.S. da
245 1 _aFolhas SB. 24/25 Jaguaribe/Natal, 3- Pedologia: levantamento exploratorio de solos [Regiao Nordeste, Brasil]
500 _aFolhas SB. 24/25 Jaguaribe/Natal; geologia, geomorfologia, pedologia, vegetacao e uso potencial da terra Rio de Janeiro, RJ (Brasil): 1981. p. 349-484 [32 illus.; 90 tables; 39 ref.; Summaries (En, Pt)] (BR8105928-AMS)
773 0 _tFolhas SB. 24/25 Jaguaribe/Natal; geologia, geomorfologia, pedologia, vegetacao e uso potencial da terra
_wF23 BR8105928
_gRio de Janeiro, RJ (Brasil), 1981. p. 349-484
650 _aSOLO
650 _aMAPA
650 _aFOTOINTERPRETACAO
650 _aCLASSIFICACAO DO SOLO
650 _aANALISE QUIMICA
650 _aANALISE FISICA
650 _aPERFIL DO SOLO
650 _aREGIAO NORDESTE
490 _aLevantamento de Recursos Naturais - Projeto RADAMBRASIL (Brazil)
_vv. 23
942 _cAMS
_2AGRIS
909 _a202506
_bLúcia
_c55
_dLúcia Elande
999 _c333845
_d333845